000 00703nam a2200205Ia 4500
001 19794
003 GE_BSU
008 181216s||||||||xx |||||||||||||| ||und||
040 _cGE_BSU
245 _aУспехи современной биологии, Том 136. №5 Сентябрь-Октябрь, 2016.
245 _cГл.ред.И.А.Захаров-Гезечус и др.
260 _aМосква
260 _bНаука
260 _c2016
300 _a419стр. 29см.
653 _aПериодика
653 _aУспехи современной биологии, Том 136. №5 Сентябрь-Октябрь, 2016.
653 _aპერიოდიკა
942 _cCR
999 _c52766
_d52766